LIBRARY & INFORMATION CENTRE, KCAET, TAVANUR

ONLINE PUBLIC ACCESS CATALOGUE (OPAC)

Works organisation and management / (Record no. 18)

MARC details
000 -LEADER
fixed length control field 00672cam a2200265ua 4500
020 ## - INTERNATIONAL STANDARD BOOK NUMBER
ISBN 81-204-0210-3
041 ## - LANGUAGE CODE
Language code of text/sound track or separate title eng
082 ## - DEWEY DECIMAL CLASSIFICATION NUMBER
Classification number 658.1
Item number BAS/WO
100 ## - MAIN ENTRY--AUTHOR NAME
Personal name Basu, S K .
245 ## - TITLE STATEMENT
Title Works organisation and management /
250 ## - EDITION STATEMENT
Edition statement 3 /
260 ## - PUBLICATION, DISTRIBUTION, ETC. (IMPRINT)
Place of publication New Delhi :
Name of publisher Oxford & IBH Publishers Co. Pvt. Ltd ,
Year of publication 1997.
300 ## - PHYSICAL DESCRIPTION
Number of Pages 442 ; .
650 ## - SUBJECT ADDED ENTRY--TOPICAL TERM
Topical Term Organisation Structure
700 1# - ADDED ENTRY--PERSONAL NAME
Personal name Datta, N K .
700 1# - ADDED ENTRY--PERSONAL NAME
Personal name Sahu, K V .
942 ## - ADDED ENTRY ELEMENTS (KOHA)
Koha item type Books
003 - CONTROL NUMBER IDENTIFIER
control field @
003 - CONTROL NUMBER IDENTIFIER
control field OSt
Holdings
Withdrawn status Lost status Damaged status Home library Current library Date acquired Full call number Accession Number Koha item type
      KAUAET KAUAET 07/04/2012 658.1 20020 Books
      KAUAET KAUAET 07/04/2012 658.1 BAS/WO 19113 Books
Withdrawn     KAUAET KAUAET 07/04/2012 658.1 16746 Books
free website counter